[Event "Stay Safe Play From Home 341"]
[Site "Emanuel Lasker Arena"]
[Date "2020.07.29"]
[Round "1"]
[White "Mepe_Nika"]
[Black "M100"]
[Result "1-0"]
[WhiteElo "2412"]
[BlackElo "1824"]
[Annotator "NA"]
[PlyCount "113"]
[EventDate "2020.07.29"]
[EventType "swiss (blitz)"]

1. d4 {[%emt 0:00:01]} b6 {[%emt 0:00:01]} 2. e4 {[%emt 0:00:01]} Bb7 {[%emt 0:00:00]} 3. Nc3 {[%emt 0:00:01]} Nf6 {[%emt 0:00:01]} 4. e5 {[%emt 0:00:01]} Nd5 {[%emt 0:00:01]} 5. Nxd5 {[%emt 0:00:01]} Bxd5 {[%emt 0:00:01]} 6. c4 {[%emt 0:00:01]} Bb7 {[%emt 0:00:01]} 7. Nf3 {[%emt 0:00:01]} d6 {[%emt 0:00:01]} 8. Bd3 {[%emt 0:00:01]} dxe5 {[%emt 0:00:01]} 9. dxe5 {[%emt 0:00:01]} e6 {[%emt 0:00:02]} 10. Qe2 {[%emt 0:00:01]} Bb4+ {[%emt 0:00:02]} 11. Bd2 {[%emt 0:00:01]} Bxd2+ {[%emt 0:00:01]} 12. Nxd2 {[%emt 0:00:00]} Bxg2 {[%emt 0:00:02]} 13. Rg1 {[%emt 0:00:00]} Bb7 {[%emt 0:00:02]} 14. Rxg7 {[%emt 0:00:01]} Qh4 {[%emt 0:00:02]} 15. O-O-O {[%emt 0:00:01]} Nc6 {[%emt 0:00:03]} 16. Ne4 {[%emt 0:00:03]} O-O-O {[%emt 0:00:02]} 17. Ng5 {[%emt 0:00:11]} Nd4 {[%emt 0:00:03]} 18. Qe3 {[%emt 0:00:05]} Rhf8 {[%emt 0:00:05]} 19. Rxf7 {[%emt 0:00:02]} Rxf7 {[%emt 0:00:02]} 20. Nxf7 {[%emt 0:00:00]} Rf8 {[%emt 0:00:01]} 21. Ng5 {[%emt 0:00:01]} Qf4 {[%emt 0:00:02]} 22. Qxf4 {[%emt 0:00:01]} Rxf4 {[%emt 0:00:01]} 23. Nxh7 {[%emt 0:00:00]} Rxf2 {[%emt 0:00:02]} 24. h4 {[%emt 0:00:01]} Bf3 {[%emt 0:00:01]} 25. Rg1 {[%emt 0:00:03]} Be2 {[%emt 0:00:02]} 26. Be4 {[%emt 0:00:04]} Bxc4 {[%emt 0:00:02]} 27. b3 {[%emt 0:00:02]} Ne2+ {[%emt 0:00:02]} 28. Kd1 {[%emt 0:00:03]} Nxg1 {[%emt 0:00:00]} 29. bxc4 {[%emt 0:00:00]} Nf3 {[%emt 0:00:02]} 30. Bxf3 {[%emt 0:00:01]} Rxf3 {[%emt 0:00:01]} 31. Nf6 {[%emt 0:00:00]} Rf4 {[%emt 0:00:01]} 32. h5 {[%emt 0:00:01]} Rxc4 {[%emt 0:00:01]} 33. h6 {[%emt 0:00:01]} Rh4 {[%emt 0:00:01]} 34. h7 {[%emt 0:00:00]} Kd8 {[%emt 0:00:01]} 35. Ke2 {[%emt 0:00:00]} Ke7 {[%emt 0:00:00]} 36. Kf3 {[%emt 0:00:01]} Kf7 {[%emt 0:00:00]} 37. Kg3 {[%emt 0:00:00]} Kg7 {[%emt 0:00:01]} 38. Kxh4 {[%emt 0:00:02]} c5 {[%emt 0:00:01]} 39. Kg5 {[%emt 0:00:00]} c4 {[%emt 0:00:00]} 40. Kf4 {[%emt 0:00:01]} c3 {[%emt 0:00:00]} 41. Ke3 {[%emt 0:00:00]} c2 {[%emt 0:00:00]} 42. Kd2 {[%emt 0:00:00]} c1=Q+ {[%emt 0:00:00]} 43. Kxc1 {[%emt 0:00:00]} b5 {[%emt 0:00:01]} 44. Kb2 {[%emt 0:00:00]} a5 {[%emt 0:00:00]} 45. Kb3 {[%emt 0:00:00]} b4 {[%emt 0:00:00]} 46. Ka4 {[%emt 0:00:01]} b3 {[%emt 0:00:01]} 47. axb3 {[%emt 0:00:00]} Kh8 {[%emt 0:00:02]} 48. Kxa5 {[%emt 0:00:00]} Kg7 {[%emt 0:00:00]} 49. b4 {[%emt 0:00:00]} Kh8 {[%emt 0:00:00]} 50. b5 {[%emt 0:00:00]} Kg7 {[%emt 0:00:00]} 51. b6 {[%emt 0:00:00]} Kh8 {[%emt 0:00:00]} 52. b7 {[%emt 0:00:00]} Kg7 {[%emt 0:00:00]} 53. Ne4 {[%emt 0:00:01]} Kh6 {[%emt 0:00:00]} 54. Nc5 {[%emt 0:00:00]} Kg5 {[%emt 0:00:00]} 55. b8=Q {[%emt 0:00:00]} Kf4 {[%emt 0:00:00]} 56. Qe8 {[%emt 0:00:00]} Kxe5 {[%emt 0:00:00]} 57. Qxe6+ {[%emt 0:00:00] TimeB} 1-0

[Event "Stay Safe Play From Home 341"]
[Site "Emanuel Lasker Arena"]
[Date "2020.07.29"]
[Round "1"]
[White "SoulofWolf"]
[Black "Haris kollari 13"]
[Result "0-1"]
[WhiteElo "2068"]
[BlackElo "1629"]
[Annotator "NA"]
[PlyCount "82"]
[EventDate "2020.07.29"]
[EventType "swiss (blitz)"]

1. d4 {[%emt 0:00:00]} e6 {[%emt 0:00:01]} 2. Nf3 {[%emt 0:00:00]} d5 {[%emt 0:00:01]} 3. c4 {[%emt 0:00:00]} c6 {[%emt 0:00:01]} 4. Nc3 {[%emt 0:00:00]} f5 {[%emt 0:00:01]} 5. Bg5 {[%emt 0:00:03]} Nf6 {[%emt 0:00:00]} 6. h3 {[%emt 0:00:01]} Be7 {[%emt 0:00:01]} 7. e3 {[%emt 0:00:01]} Bd7 {[%emt 0:00:01]} 8. Bd3 {[%emt 0:00:01]} h6 {[%emt 0:00:01]} 9. Bf4 {[%emt 0:00:01]} g5 {[%emt 0:00:01]} 10. Be5 {[%emt 0:00:01]} Bc8 {[%emt 0:00:01]} 11. Qc2 {[%emt 0:00:01]} Nbd7 {[%emt 0:00:01]} 12. Bh2 {[%emt 0:00:00]} Kf7 {[%emt 0:00:02]} 13. b3 {[%emt 0:00:00]} b6 {[%emt 0:00:02]} 14. Ne5+ {[%emt 0:00:01]} Nxe5 {[%emt 0:00:03]} 15. Bxe5 {[%emt 0:00:00]} Rf8 {[%emt 0:00:01]} 16. f3 {[%emt 0:00:00]} Nd7 {[%emt 0:00:01]} 17. Bh2 {[%emt 0:00:01]} Bb7 {[%emt 0:00:02]} 18. O-O {[%emt 0:00:01]} dxc4 {[%emt 0:00:01]} 19. Bxc4 {[%emt 0:00:01]} Nf6 {[%emt 0:00:01]} 20. Rae1 {[%emt 0:00:01]} Nd5 {[%emt 0:00:01]} 21. e4 {[%emt 0:00:01]} Nb4 {[%emt 0:00:04]} 22. Qd1 {[%emt 0:00:07]} b5 {[%emt 0:00:01]} 23. Be2 {[%emt 0:00:04]} f4 {[%emt 0:00:03]} 24. a3 {[%emt 0:00:03]} Na6 {[%emt 0:00:02]} 25. b4 {[%emt 0:00:01]} Nc7 {[%emt 0:00:02]} 26. g3 {[%emt 0:00:03]} Bf6 {[%emt 0:00:03]} 27. gxf4 {[%emt 0:00:01]} Bxd4+ {[%emt 0:00:01]} 28. Kh1 {[%emt 0:00:02]} Bxc3 {[%emt 0:00:01]} 29. Qb3 {[%emt 0:00:00]} Bxe1 {[%emt 0:00:02]} 30. Rxe1 {[%emt 0:00:00]} gxf4 {[%emt 0:00:01]} 31. Bxf4 {[%emt 0:00:00]} Qd7 {[%emt 0:00:02]} 32. Kh2 {[%emt 0:00:04]} Ne8 {[%emt 0:00:01]} 33. Rg1 {[%emt 0:00:01]} Nf6 {[%emt 0:00:01]} 34. Bxh6 {[%emt 0:00:02]} Rg8 {[%emt 0:00:01]} 35. Rd1 {[%emt 0:00:03]} Qc7+ {[%emt 0:00:02]} 36. f4 {[%emt 0:00:01]} Rg6 {[%emt 0:00:02]} 37. e5 {[%emt 0:00:03]} Rxh6 {[%emt 0:00:01]} 38. exf6 {[%emt 0:00:00]} Qxf4+ {[%emt 0:00:02]} 39. Qg3 {[%emt 0:00:01]} Rxh3+ {[%emt 0:00:01]} 40. Kg2 {[%emt 0:00:01]} Qxg3+ {[%emt 0:00:01]} 41. Kf1 {[%emt 0:00:01]} Rh1# {[%emt 0:00:00] (Lag: Av=0.33s, max=0.7s)} 0-1

[Event "Stay Safe Play From Home 341"]
[Site "Emanuel Lasker Arena"]
[Date "2020.07.29"]
[Round "1"]
[White "Stefanone"]
[Black "Klasman"]
[Result "1-0"]
[WhiteElo "2043"]
[BlackElo "1298"]
[Annotator "TA"]
[PlyCount "69"]
[EventDate "2020.07.29"]
[EventType "swiss (blitz)"]

{[%evp 9,69,11,16,-19,34,14,51,0,0,0,0,-8,78,6,10,-194,60,-218,-54,-354,65,-178,33,0,175,60,145,29,259,29,137,110,126,118,481,489,481,420,418,40,59,34,320,162,232,235,220,214,462,456,403,303,258,191,190,195,204,192,335,143,255,188]} 1. d4 f5 2. e3 Nf6 3. f4 e6 4. Nf3 d5 5. Bd3 c5 {[#]} 6. Ne5 $146 {A80: Dutch Defence: Unusual White second moves.} ({Predecessor:} 6. c3 Nc6 7. O-O Bd6 8. Nbd2 b6 9. Ne5 Bd7 10. a4 O-O 11. Ndf3 c4 12. Bc2 a6 13. Bd2 Qe7 14. Ng5 Bxe5 15. dxe5 {0-1 (42) Jauregui,A (1527)-Salas,J (1806) La Paz 2020}) 6... c4 (6... Nc6 $11) 7. Be2 $14 Nc6 8. Bf3 (8. O-O $14) 8... Nxe5 $11 9. fxe5 Ne4 10. O-O Qg5 (10... b5 $11) 11. c3 (11. Bxe4 $16 {Black must now prevent Bf3.} dxe4 12. Qe2) 11... Bd7 12. Nd2 $2 {[#]} (12. b3 $11) 12... Be7 $2 (12... Qxe3+ $19 13. Kh1 Nf2+ 14. Rxf2 Qxf2) 13. b3 $2 {[%mdl 8192]} (13. Nxe4 $14 {stays ahead.} dxe4 14. Be2) 13... cxb3 $2 (13... Nxc3 14. Qe1 $17) (13... Qxe3+ $19 14. Kh1 Qxc3) 14. axb3 $2 {[%mdl 8192]} (14. Re1 $15) 14... h5 $2 ({Less strong is} 14... Nxc3 15. Qe1 $17) (14... Qxe3+ $19 15. Kh1 Qxc3) 15. Bxe4 $2 (15. Nxe4 $14 dxe4 16. Be2) 15... fxe4 $2 {[#]} (15... Qxe3+ $19 16. Rf2 Qxc3) 16. Qe2 O-O-O $2 (16... Qg4 $11 17. Qxg4 hxg4) 17. c4 ({White has to play} 17. Rxa7 $18 {Strongly threatening Ba3.} Kb8 18. Ra2) 17... h4 ({Black should try} 17... Kb8 $14) 18. h3 ({Better is} 18. Rxa7 $16 {aiming for Ba3.} Kb8 19. Ra1) 18... Qg3 $2 (18... Kb8 $11 {and Black is okay.}) 19. Qf2 $2 ({Don't play} 19. Rxa7 $6 Kb8 $16) (19. Rf7 $18 Qg5 20. Rxa7) 19... g5 (19... Qxf2+ $11 {keeps the balance.} 20. Rxf2 Kb8) 20. Qxg3 $16 hxg3 21. Rf7 g4 $2 {[%mdl 8192]} (21... Bb4 $16 {is more resistant.}) 22. Rxe7 $18 gxh3 23. gxh3 Rxh3 {If Black can now play ...Rg8 this consolidates a bit.} 24. Kg2 $2 (24. cxd5 $18 Rdh8 25. Nxe4) 24... Rh2+ $1 $14 25. Kxg3 Re2 $2 {[%mdl 8192]} (25... Rdh8 $1 $14) 26. Rg7 ({Inferior is} 26. Rxa7 Rg8+ 27. Kh3 Rh8+ 28. Kg3 Rg8+ 29. Kh3 Rh8+ 30. Kg3 Rg8+ $11) (26. cxd5 $142 exd5 27. e6) 26... Rxe3+ (26... Rf8 $142) 27. Kf2 $18 Rd3 {intending ...e3+.} 28. Nf1 e3+ $2 (28... dxc4 {might work better.} 29. bxc4 Rf8+ 30. Ke2 a6) 29. Bxe3 Rxb3 30. Rc1 dxc4 31. Rxc4+ Bc6 32. Nd2 Rb2 33. Ke2 Rh8 (33... Kb8 $142) 34. Kd1 (34. Re7 $18 {is more deadly.}) 34... Rh2 (34... Rh1+ $16 {keeps fighting.} 35. Ke2 Rh8) 35. Rc2 {Accuracy: White = 20%, Black = 20%.} 1-0

[Event "Stay Safe Play From Home 341"]
[Site "Emanuel Lasker Arena"]
[Date "2020.07.29"]
[Round "1"]
[White "Buzaglo"]
[Black "Lazieri3"]
[Result "1-0"]
[WhiteElo "1798"]
[BlackElo "2154"]
[Annotator "NA RC"]
[PlyCount "95"]
[EventDate "2020.07.29"]
[EventType "swiss (blitz)"]

1. d4 {[%emt 0:00:01]} c6 {[%emt 0:00:00]} 2. Nf3 {[%emt 0:00:00]} d5 {[%emt 0:00:01]} 3. g3 {[%emt 0:00:00]} Bf5 {[%emt 0:00:01]} 4. Bg2 {[%emt 0:00:00]} Qc8 {[%emt 0:00:01]} 5. O-O {[%emt 0:00:00]} Bh3 {[%emt 0:00:01]} 6. c4 {[%emt 0:00:00]} h5 {[%emt 0:00:01]} 7. Nh4 {[%emt 0:00:03]} f6 {[%emt 0:00:01]} 8. e4 {[%emt 0:00:02]} g5 {[%emt 0:00:01]} 9. Nf5 {[%emt 0:00:01]} Bxf5 {[%emt 0:00:03]} 10. exf5 {[%emt 0:00:00]} Qxf5 {[%emt 0:00:01]} 11. cxd5 {[%emt 0:00:01]} cxd5 {[%emt 0:00:00]} 12. Nc3 {[%emt 0:00:02]} e6 {[%emt 0:00:02]} 13. Qa4+ {[%emt 0:00:01]} Nc6 {[%emt 0:00:01]} 14. Nb5 {[%emt 0:00:01]} Kd7 {[%emt 0:00:03]} 15. f4 {[%emt 0:00:04]} g4 {[%emt 0:00:04]} 16. Be3 {[%emt 0:00:06]} a6 {[%emt 0:00:01]} 17. Nc3 {[%emt 0:00:01]} Bd6 {[%emt 0:00:02]} 18. Qd1 {[%emt 0:00:03]} Nge7 {[%emt 0:00:01]} 19. Rc1 {[%emt 0:00:00]} Rac8 {[%emt 0:00:02]} 20. a3 {[%emt 0:00:02]} Ke8 {[%emt 0:00:02]} 21. Ne2 {[%emt 0:00:00]} Kf7 {[%emt 0:00:02]} 22. Rc3 {[%emt 0:00:02]} Na5 {[%emt 0:00:01]} 23. Qd3 {[%emt 0:00:01]} Qxd3 {[%emt 0:00:04]} 24. Rxd3 {[%emt 0:00:01]} Rc2 {[%emt 0:00:01]} 25. Nc1 {[%emt 0:00:04]} Rxb2 {[%emt 0:00:02]} 26. Rdd1 {[%emt 0:00:02]} Rc8 {[%emt 0:00:02]} 27. Nd3 {[%emt 0:00:00]} Ra2 {[%emt 0:00:02]} 28. Ra1 {[%emt 0:00:02]} Rcc2 {[%emt 0:00:01]} 29. Rxa2 {[%emt 0:00:03]} Rxa2 {[%emt 0:00:00]} 30. Nb4 {[%emt 0:00:00]} Rxa3 {[%emt 0:00:02]} 31. Nc2 {[%emt 0:00:02]} Ra2 {[%emt 0:00:01]} 32. Rc1 {[%emt 0:00:00]} Nc4 {[%emt 0:00:01]} 33. Bf2 {[%emt 0:00:02]} Nc6 {[%emt 0:00:01]} 34. Ne1 {[%emt 0:00:01]} Nb4 {[%emt 0:00:01]} 35. Rd1 {[%emt 0:00:01]} Nc2 {[%emt 0:00:01]} 36. Nd3 {[%emt 0:00:01]} Nb4 {[%emt 0:00:02]} 37. Nxb4 {[%emt 0:00:01]} Bxb4 {[%emt 0:00:00]} 38. Be1 {[%emt 0:00:00]} Bxe1 {[%emt 0:00:01]} 39. Rxe1 {[%emt 0:00:00]} b5 {[%emt 0:00:01]} 40. h3 {[%emt 0:00:00]} Rb2 {[%emt 0:00:00]} 41. hxg4 {[%emt 0:00:00]} a5 {[%emt 0:00:00]} 42. Bf1 {[%emt 0:00:00]} hxg4 {[%emt 0:00:01]} 43. Be2 {[%emt 0:00:01]} a4 {[%emt 0:00:01]} 44. Bxc4 {[%emt 0:00:00]} a3 {[%emt 0:00:00]} 45. Ra1 {[%emt 0:00:01]} a2 {[%emt 0:00:00]} 46. Bxb5 {[%emt 0:00:00]} Rb1+ {[%emt 0:00:00]} 47. Kg2 {[%emt 0:00:01]} Rxa1 {[%emt 0:00:00]} 48. Be8+ {[%emt 0:00:00] Time (Lag: Av=0.96s, max=1.6s)} 1-0

[Event "Stay Safe Play From Home 341"]
[Site "Emanuel Lasker Arena"]
[Date "2020.07.29"]
[Round "1"]
[White "Padmaesh M K"]
[Black "AChessPlayer"]
[Result "0-1"]
[WhiteElo "1775"]
[BlackElo "2353"]
[Annotator "TA"]
[PlyCount "58"]
[EventDate "2020.07.29"]
[EventType "swiss (blitz)"]

{[%evp 16,57,31,18,21,8,8,0,13,-10,-17,-487,-492,-493,-490,-482,-481,-772,-766,-770,-741,-1032,-805,-886,-741,-846,-842,-1726,-1608,-2701,-2605,-2714,-2740,-3519,-3160,-29991,-29992,-29992,-29992,-29992,-29991,-29994,-29986,-29999]} 1. d4 Nf6 2. c4 g6 3. Nc3 Bg7 4. e4 d6 5. Be2 O-O 6. Nf3 e5 7. d5 a5 8. a3 Na6 {[%cal Bb8a6,Ba6c5,Bc5b3,Bb3a1][%mdl 32]} 9. O-O Bd7 {E92: King's Indian: Classical: 6 Be2 e5: 7 dxe5, 7 Be3 and Petrosian System without 7...Nbd7.} 10. Bg5 Nc5 11. Qc2 a4 {[%cal Ba5a4,Ba4b3][%mdl 32] The position is equal.} 12. Be3 Nb3 {[#]} 13. Bd1 $146 {[%mdl 8192] [#]} (13. Rae1 $11) ({Predecessor:} 13. Rad1 Ng4 14. h3 Nxe3 15. fxe3 Bh6 16. Kf2 Qb8 17. Rde1 Qa7 18. Bd3 Nc5 19. Kg1 Nxd3 {½-½ (19) Fondevila Maron,M-Perez Fernandez,R Ferrol 2001}) 13... Nxa1 $19 14. Qd2 Nb3 15. Bxb3 axb3 16. Ne2 (16. Qd1 $142) 16... Nxe4 17. Qd3 f5 18. g3 h6 19. Nh4 Kh7 20. f3 Ng5 21. g4 e4 22. fxe4 fxe4 23. Qb1 Nh3+ {[%mdl 64] [#] Discovered Attack} 24. Kg2 Qxh4 25. Qxe4 Rae8 {Black mates.} 26. Qd3 Rxf1 27. Kxf1 Qxg4 28. Ng3 Rf8+ 29. Kg2 Qf3# {Black took control after the opening.} 0-1

[Event "Stay Safe Play From Home 341"]
[Site "Emanuel Lasker Arena"]
[Date "2020.07.29"]
[Round "1"]
[White "Trotsky"]
[Black "Knightofficer"]
[Result "0-1"]
[WhiteElo "1523"]
[BlackElo "2235"]
[Annotator "TA"]
[PlyCount "68"]
[EventDate "2020.07.29"]
[EventType "swiss (blitz)"]

{[%evp 12,68,46,17,17,0,0,-45,-45,-66,-60,-289,-297,-295,-279,-294,-290,-299,-192,-411,-414,-506,-458,-882,-874,-863,-856,-907,-907,-889,-895,-1335,-1310,-2068,-1524,-1502,-1499,-1382,-1207,-1205,-1197,-1195,-1183,-1241,-1200,-1222,-1220,-1337,-1327,-1363,-1351,-4974,-4554,-1984,-1870,-29988,-29987,-29987,-29988]} 1. d4 d5 2. e3 e6 3. c4 c6 4. Nc3 f5 5. Nf3 Nf6 6. Bd3 Bd6 7. Qc2 O-O {was the old line (7...Ne4). A85: Dutch Defence: 2 c4 Nf6 3 Nc3.} 8. c5 Bc7 9. Bd2 Ne4 {Black is slightly better.} 10. h4 Nd7 {[#]} 11. Nxe4 $146 {[#]} ({White should play} 11. Ne2 $15) ({Predecessor:} 11. h5 Ndf6 12. Bxe4 fxe4 13. Ng1 Ng4 14. f3 Bg3+ 15. Ke2 Nf2 16. Nh3 Nxh1 17. Rxh1 exf3+ 18. gxf3 {0-1 (44) Henschen,D (1624)-Delere,A (1750) Germany 2017}) 11... fxe4 $19 12. Bxe4 dxe4 13. Qxe4 Nf6 14. Qd3 e5 {Threatens to win with ...Kh8.} 15. Ng5 $2 {[#]} (15. Qc4+ {is a better defense.} Kh8 16. dxe5) 15... exd4 16. O-O-O dxe3 17. Bc3 (17. Qxd8 $142 Rxd8 18. Bxe3) 17... Qxd3 18. Rxd3 exf2 19. Rf1 h6 20. Nf3 Ne4 21. Kb1 Bf5 22. Re3 Nxc3+ 23. Ka1 Nd5 24. Re2 Bg4 25. Rexf2 Bxf3 26. gxf3 Rf4 27. a3 Raf8 28. Ka2 Rxh4 29. Kb3 Rhf4 30. a4 Ba5 31. Ka3 Bb4+ 32. Ka2 Bxc5 33. b3 Bxf2 34. Rxf2 Rxf3 {White did not feel at home in the position after the opening. Accuracy: White = 20%, Black = 72%.} 0-1

[Event "Stay Safe Play From Home 341"]
[Site "Emanuel Lasker Arena"]
[Date "2020.07.29"]
[Round "2"]
[White "Mepe_Nika"]
[Black "Stefanone"]
[Result "1-0"]
[WhiteElo "2413"]
[BlackElo "2044"]
[Annotator "TA"]
[PlyCount "115"]
[EventDate "2020.07.29"]
[EventType "swiss (blitz)"]

{[%evp 14,115,42,42,59,41,45,52,66,37,37,28,39,29,21,26,41,36,38,39,98,41,99,41,77,0,0,0,0,0,252,231,242,242,317,218,575,291,323,323,960,962,969,529,770,711,642,638,634,627,567,515,1843,1769,1827,1797,4122,1673,1562,1415,1460,1316,29980,29981,29981,29982,29982,29983,29983,29984,29984,29985,29985,29985,29986,29987,29987,29988,29988,29986,29986,29985,29985,29986,29986,29987,29988,29987,29987,29984,29984,29981,29981,8,29991,29992,29992,29993,29993,29993,29995,29996,29996,5093]} 1. d4 d5 2. Bf4 c6 3. e3 e6 4. c4 f5 5. Nc3 Nf6 6. Nf3 Bd6 7. Bxd6 Qxd6 8. Qc2 Qe7 {A84: Dutch Defence: 2 c4 Miscellaneous.} 9. Bd3 O-O 10. O-O Ne4 {White is slightly better.} 11. Ne5 Nd7 {[#]} 12. f3 $146 {Nxd7 is the strong threat.} (12. Ne2 {with more complications.} Nxe5 13. dxe5 b6 14. cxd5 cxd5 15. Rac1) ({Predecessor:} 12. Nxd7 Bxd7 13. f3 Nd6 14. b3 Rf6 15. e4 Rh6 16. Rae1 Rc8 17. exf5 Qh4 18. g3 Qxd4+ {½-½ (31) Koellner,U (1899)-Fuell,K (1904) Hofheim 2014}) 12... Nxc3 13. Qxc3 Nxe5 14. dxe5 g5 15. cxd5 exd5 16. f4 Be6 {[#]} (16... g4 $14) 17. b4 (17. fxg5 $1 $16 Qxg5 18. Rf4) 17... a6 ({Black should play} 17... Rac8 $14) 18. a4 (18. fxg5 $16 Rae8 19. Rf3) 18... Rf7 19. b5 ({Better is} 19. fxg5 $16 Qxg5 20. Rf4) 19... axb5 $11 20. axb5 Rxa1 $1 21. Rxa1 Bd7 $2 {[%mdl 8192]} (21... c5 $11 {and Black has nothing to worry.}) 22. Ra7 $18 cxb5 23. Rxb7 Qe6 24. Rb8+ ({Don't play} 24. fxg5 Qa6 $18) ({Resist} 24. Bxb5 Bxb5 25. Rxb5 gxf4 $18) 24... Kg7 $2 (24... Rf8 {is a better chance.} 25. Rb7 Bc8 26. Rxb5 Ba6) 25. Qc5 gxf4 26. exf4 Bc6 $2 (26... Qa6 27. Qe3 (27. Bxb5 Bxb5 28. Rxb5 Qa4 $16) 27... Rf8) 27. Rb6 Rc7 28. h3 Qd7 29. Kh2 d4 30. Qd6 Qxd6 31. exd6 Rc8 32. Bxb5 Bxb5 (32... Bd5 $142 33. d7 Rd8) 33. Rxb5 {[%mdl 4096] Endgame KR-KR} Rd8 34. Rd5 Kf7 35. Rxd4 (35. d7 $142 Ke7 36. Rxd4) 35... Ke6 36. g4 fxg4 37. hxg4 Rxd6 38. f5+ Ke5 39. Rxd6 Kxd6 {KPP-KP} 40. Kg3 Ke5 {[#]} 41. Kh4 $1 Kf6 42. Kh5 Kg7 43. Kg5 Kf7 44. Kh6 Kg8 45. g5 Kh8 46. Kh5 Kg8 47. Kg4 Kf7 48. Kf4 Ke8 49. Ke5 Ke7 50. Kd5 Kd7 51. f6 Ke8 52. Ke6 Kf8 53. f7 $2 (53. Ke5 {mates} Kf7 54. Kf5 Kg8 55. Ke6 Kf8 56. f7 h6 57. g6 Kg7 58. Ke7) 53... Kg7 $2 {[%mdl 8192] This costs Black the game.} (53... h6 $11) 54. Ke7 {White mates.} Kg6 55. f8=Q Kxg5 56. Ke6 h5 57. Qf5+ Kh4 58. Ke5 {Accuracy: White = 62%, Black = 51%.} (58. Qf3 $142 Kg5 59. Qg3+ Kh6 60. Kf7 Kh7 61. Qg7#) 1-0

[Event "Stay Safe Play From Home 341"]
[Site "Emanuel Lasker Arena"]
[Date "2020.07.29"]
[Round "2"]
[White "AChessPlayer"]
[Black "Buzaglo"]
[Result "1-0"]
[WhiteElo "2354"]
[BlackElo "1828"]
[Annotator "TA"]
[PlyCount "67"]
[EventDate "2020.07.29"]
[EventType "swiss (blitz)"]

{[%evp 12,66,-11,-8,43,34,49,57,192,183,225,240,218,185,237,238,224,184,197,180,181,176,246,234,228,179,177,177,254,245,268,258,245,231,320,315,318,315,330,329,378,276,292,200,185,36,379,372,406,406,392,399,29997,29998,29998,29999,29999]} 1. Nf3 e6 2. g3 d5 3. Bg2 Nf6 4. O-O c5 5. d3 Nc6 6. Nbd2 Bd6 7. e4 e5 {A08: King's Indian Attack.} ({Black should play} 7... O-O $11) 8. exd5 $14 Nxd5 9. Nc4 {[#]} Be6 $146 (9... O-O $14) ({Predecessor:} 9... Bc7 10. Re1 f6 11. d4 cxd4 12. Nxd4 O-O 13. Nxc6 bxc6 14. Bd2 Be6 15. Ne3 Nxe3 16. Bxe3 {1-0 (34) Barrera,U-Schnidrig,G (1643) Santa Fe 2019}) 10. Ng5 $18 Nf6 11. Nxe6 fxe6 12. Re1 O-O (12... Qd7 {might work better.} 13. Bxc6 Qxc6) 13. Bxc6 bxc6 14. Bg5 (14. Nxe5 Bxe5 15. Rxe5 c4) 14... Qd7 15. Qe2 Nd5 16. Bd2 ({Weaker is} 16. Nxe5 Bxe5 17. Qxe5 Rf5 $15) 16... Nb4 (16... Rf5 {is a better defense.} 17. Bc3 Nxc3 18. bxc3 Raf8) 17. Bxb4 cxb4 18. Nxe5 Bxe5 19. Qxe5 Kh8 (19... Rf6 $142 20. f4 c5) 20. Re4 ({Don't take} 20. Qxe6 $6 Qd4 $16) 20... c5 21. Rae1 Rac8 22. Qxe6 Qc7 23. Qc4 a5 24. Re7 Qc6 25. Qg4 {[%csl Ge7][%cal Rg4g7] [#]} Rg8 26. Rd7 Rcf8 27. Ree7 {[%cal Re7g7]} Qf6 28. Qe2 (28. Qf4 $18) 28... h6 $2 {[%mdl 8192]} (28... Qxb2 $14 29. f4 Rf6) 29. b3 Qa1+ 30. Kg2 Qf6 31. h4 h5 $2 (31... Qc6+ $18 32. Qe4 Qxe4+ 33. Rxe4 Kh7) 32. Qxh5+ {[%mdl 64] [#] Double Attack. White mates.} Qh6 33. Qxh6+ gxh6 34. Rh7# {Accuracy: White = 67%, Black = 31%.} 1-0

[Event "Stay Safe Play From Home 341"]
[Site "Emanuel Lasker Arena"]
[Date "2020.07.29"]
[Round "2"]
[White "Weltszmerc"]
[Black "Trotsky"]
[Result "1-0"]
[WhiteElo "2204"]
[BlackElo "1523"]
[Annotator "TA"]
[PlyCount "57"]
[EventDate "2020.07.29"]
[EventType "swiss (blitz)"]

{[%evp 10,57,34,34,36,31,68,31,33,41,100,78,163,66,56,65,45,33,64,0,27,-33,30,15,39,19,40,-11,302,287,295,218,539,512,713,693,646,627,575,-341,-322,-327,-332,-331,-327,-326,-323,-312,76,74]} 1. d4 d5 2. c4 e6 3. Nf3 c5 4. g3 Nc6 5. cxd5 exd5 6. Bg2 Be6 {D30: Queen's Gambit Declined: Systems without Nc3.} 7. O-O {[#]} Bd6 $146 ({Predecessor:} 7... h6 8. Nc3 Nf6 9. b3 Be7 10. Bb2 O-O 11. dxc5 Bxc5 12. Rc1 Qe7 13. Nb5 Ne4 14. Nbd4 Rac8 15. Nxe6 fxe6 16. e3 Ba3 17. Qe2 Bxb2 18. Qxb2 e5 19. a3 Nc5 {½-½ (35) Kakageldyev,A (2449)-Guliev,S (2490) Al Ain 2008}) 8. dxc5 Bxc5 {White is slightly better.} 9. a3 Qc7 (9... Nf6 $14) 10. b4 $16 Bd6 (10... Be7 $16) 11. b5 (11. Bb2 $18 Nf6 12. Bxf6 gxf6 13. Nc3) 11... Ne5 $14 12. Nd4 Nf6 13. Bb2 h5 14. h4 ({White should try} 14. Nd2 $14) 14... Neg4 15. b6 (15. Qd3 $11) 15... axb6 (15... Qxb6 $15 16. Nc3 Rc8) 16. Nb5 $1 $36 {[%cal Rb5c7][%mdl 2048] White has good play.} Qb8 17. Nxd6+ Qxd6 18. Nd2 ({Better is} 18. Bd4 $14) 18... g5 $2 {[%mdl 8192] [#]} (18... O-O $11) 19. hxg5 $18 h4 20. Bxf6 ({Stronger than} 20. gxf6 hxg3 21. Qb3 (21. Nf3 gxf2+ 22. Rxf2 Rg8 $11) 21... gxf2+ 22. Rxf2 Qh2+ 23. Kf1 d4 $11) 20... Rh7 $2 (20... hxg3 {is tougher.} 21. Nf3 gxf2+ 22. Rxf2 Rh5) 21. Ne4 Qb8 22. g6 fxg6 23. Ng5 hxg3 24. Nxh7 $4 {[%mdl 8192]} ({But not} 24. Nxe6 $2 gxf2+ 25. Rxf2 Qh2+ 26. Kf1 Ne3+ 27. Ke1 Nxd1 $17) (24. Qd4 $18 {was the only winning move.} gxf2+ 25. Rxf2 Qh2+ 26. Kf1) 24... gxf2+ $19 25. Rxf2 Qh2+ {[%mdl 64] [#] Double Attack} 26. Kf1 Ne3+ {[%mdl 64] Double Attack} 27. Ke1 Nxd1 28. Rxd1 {And now Ng5 would win.} Qg1+ $2 (28... Qxh7 $19 29. Rf1 Ra5) 29. Bf1 {Accuracy: White = 57%, Black = 19%.} 1-0